Červené striedajú biele

Progresívny vývoj sortimentu vína na Slovensku. Rastie aj záujem o slovenské a dovozové víno vyššej akosti.

Salvato in:
Dettagli Bibliografici
Autore principale: Košťál, Daniel
Natura: Capitolo di libro
Lingua:slovacco
Soggetti:
Tags: Aggiungi Tag
Nessun Tag, puoi essere il primo ad aggiungerne!!

MARC

LEADER 00000naa$a2200000$$$4500
001 0003684
005 20231004094918.8
041 0 |a slo 
044 |a SK 
245 1 0 |a Červené striedajú biele  |c aut. Daniel Košťál 
520 |a Progresívny vývoj sortimentu vína na Slovensku. Rastie aj záujem o slovenské a dovozové víno vyššej akosti. 
610 2 0 |a Slovensko 
610 2 0 |a víno 
610 2 0 |a sortiment 
610 2 0 |a potravinárstvo 
100 1 |a Košťál, Daniel